Top 100 Strzelców Wszechczasów Ligi Mistrzów - Statystyki

Ogólne statystyki
  • Ten quiz został rozwiązany 174 razy
  • Średni wynik to 24 z 100
Statystyki odpowiedzi
Hint Odpowiedź % Poprawnych
1 Cristiano Ronaldo
95%
2 Lionel Messi
93%
3 Robert Lewandowski
89%
4 Karim Benzema
77%
15 Neymar
67%
19 Kylian Mbappe
62%
5 Raul
61%
10 Zlatan Ibrahimović
61%
36 Luis Suarez
60%
35 Erling Haaland
56%
62 Harry Kane
48%
88 Ronaldinho
48%
7 Thomas Muller
48%
17 Mohamed Salah
46%
26 Wayne Rooney
46%
68 Gareth Bale
40%
39 Sadio Mane
40%
8 Thierry Henry
40%
14 Didier Drogba
38%
18 Sergio Aguero
38%
22 Gerd Muller
36%
24 Arjen Robben
32%
84 Franck Ribery
32%
42 Robin Van Persie
32%
27 Samuel Eto o
32%
25 Kaka
31%
45 Luis Figo
31%
57 Roberto Firmino
31%
59 Steven Gerrard
31%
28 Antoine Griezmann
30%
21 Edinson Cavani
30%
52 Frank Lampard
30%
47 Gonzalo Higuain
30%
56 Marco Reus
30%
55 Angel Di Maria
27%
69 Fernando Torres
27%
40 Mario Gomez
26%
6 Ruud Van Nistelrooy
26%
16 Alessandro Del Piero
25%
9 Alfredo Di Stefano
25%
53 Alvaro Morata
25%
78 Marco Van Basten
25%
37 Rivaldo
25%
33 Ryan Giggs
25%
20 Ferenc Puskas
22%
13 Eusebio
21%
12 Filippo Inzaghi
21%
74 Johan Cruyff
21%
61 Mario Mandzukić
21%
79 Olivier Giroud
21%
41 Raheem Sterling
21%
38 Edin Dzeko
20%
96 Francesco Totti
19%
71 Gabriel Jesus
19%
93 Paulo Dybala
19%
11 Andriy Shevchenko
18%
81 Heung Min Son
17%
67 Leroy Sane
16%
30 Patrick Kluivert
16%
48 Paul Scholes
16%
31 David Trezeguet
15%
43 Hernan Crespo
15%
72 Romario
15%
23 Fernando Morientes
12%
66 Cesc Fabregas
11%
98 Michel Platini
10%
86 Willian
10%
97 Hulk
9%
34 Jean Pierre Papin
9%
70 Nicolas Anelka
9%
87 Riyad Mahrez
9%
91 Andy Cole
7%
60 Claudio Pizarro
7%
32 Roy Makaay
7%
75 Ole Gunnar Solskjaer
6%
99 Hristo Stoichkov
5%
44 Jardel
5%
54 Jari Litmanen
5%
92 Javier Saviola
5%
85 Juninho Pernambucano
5%
63 Luiz Adriano
5%
29 Paco Gento
4%
64 Amancio
3%
46 Giovane Elber
3%
89 John Carew
3%
94 Jose Aguas
3%
51 Jose Altafini
3%
50 Jose Augusto
3%
82 Jose Torres
3%
80 Julio Cruz
3%
76 Lisandro Lopez
3%
90 Lucho Gonzalez
3%
77 Luis Enrique
3%
49 Marco Simone
3%
73 Paul Van Himst
3%
83 Pirri
3%
58 Santillana
3%
65 Sergiy Rebrov
3%
95 Jozef Adamec
2%
100 Luc Nilis
2%
Nie znaleziono quizów pasujących do podanych kryteriów
Rozkład punktacji
Procent ludzi z każdym wynikiem
Percentyl według liczby udzielonych odpowiedzi
Twoja historia wyników
Nie rozwiązałeś tego quizu